Exteriérový objekt určený pre festivalové podujatie

Na minha lista:
Detalhes bibliográficos
Autor principal: Tóthová, Dominika (Author)
Outros Autores: Paliatka, Peter (Thesis advisor)
Formato: Manuscrito Livro
Idioma:eslovaco
Publicado em: Bratislava 2019
Assuntos:
Acesso em linha:http://is.stuba.sk/zp/portal_zp.pl?podrobnosti=133792
Tags: Adicionar Tag
Sem tags, seja o primeiro a adicionar uma tag!

MARC

LEADER 00000ntm a22000003a 4500
001 stuzp74858
003 SK-STU
005 20200923093032.7
007 ta
008 150427s2015----xo-----f-mn---000-0-slo-d
040 |a STU  |b slo 
041 0 |a slo 
100 1 |a Tóthová, Dominika  |u 059190  |4 aut  |U FAD Fakulta architektúry  |T FA Ústav dizajnu  |X 82433  |U A9190  |Y 400  |7 82433 
242 0 1 |a Outdoor object for festival event  |y eng 
245 1 0 |a Exteriérový objekt určený pre festivalové podujatie 
260 |c 2019  |a Bratislava 
650 4 |a exteriér  |2 slo 
650 4 |a inštalácia  |2 slo 
650 4 |a oddychová zóna  |2 slo 
650 4 |a umenie  |2 slo 
650 4 |a verejné podujatie  |2 slo 
650 4 |a park  |2 slo 
650 4 |a sedenie  |2 slo 
650 4 |a festival  |2 slo 
650 4 |a public events  |2 eng 
650 4 |a exterior  |2 eng 
650 4 |a installation  |2 eng 
650 4 |a chill out zone  |2 eng 
650 4 |a park  |2 eng 
650 4 |a park  |2 eng 
650 4 |a festival  |2 eng 
650 4 |a art  |2 eng 
700 1 |a Paliatka, Peter  |u 059190  |k Z1  |4 ths  |U FAD Fakulta architektúry  |T FA Ústav dizajnu  |X 332  |U A9190  |Y 400  |7 A000000332 
856 4 |u http://is.stuba.sk/zp/portal_zp.pl?podrobnosti=133792  |u https://opac.crzp.sk/?fn=detailBiblioForm&sid=819BE1355532A4D3171163AB1E91